|
|
|
|
| LEADER |
01087nam a2200265 a 4500 |
| 001 |
4034335 |
| 008 |
110226s1999 maua b 001 0 eng d |
| 010 |
|
|
|a 98029950
|
| 020 |
|
|
|a 0201309564 (alk. paper)
|
| 040 |
|
|
|a DLC
|c DLC
|d DLC
|b D-DhAAL
|
| 050 |
0 |
0 |
|a QA76.73.C153
|b A97 1999
|
| 082 |
0 |
0 |
|a 005.13/3
|2 21
|
| 100 |
1 |
|
|a Austern, Matthew H.
|
| 245 |
1 |
0 |
|a Generic programming and the STL :
|b using and extending the C++ Standard Template Library /
|c Matthew H. Austern.
|
| 260 |
|
|
|a Reading, Mass. :
|b Addison-Wesley,
|c c1999.
|
| 300 |
|
|
|a xx, 548 p. :
|b ill. ;
|c 25 cm.
|
| 490 |
0 |
|
|a Addison-Wesley professional computing series
|
| 504 |
|
|
|a Includes bibliographical references (p. 531-533) and index.
|
| 541 |
1 |
|
|e 00010241
|
| 650 |
|
0 |
|a C++ (Computer program language)
|
| 650 |
|
0 |
|a Generic programming (Computer science)
|
| 630 |
0 |
0 |
|a Standard template library.
|
| 852 |
4 |
|
|a Ayesha Abed Library
|j General shelf.
|
| 999 |
|
|
|c 10483
|d 10483
|
| 952 |
|
|
|0 0
|1 0
|2 ddc
|4 0
|6 005_133000000000000_AUS
|7 0
|9 14457
|a BRACUL
|b BRACUL
|c GEN
|d 2011-02-26
|l 0
|o 005.133 AUS
|p 3010010241
|r 2011-02-26
|t 1
|w 2011-02-26
|y BK
|